000 00590nam a2200217Ia 4500
005 20250923145930.0
008 008 250917s9999 xx 000 0 eng d
037 _aTextual
040 _aDSWL
_beng
_cDSWL
041 _aeng
_2eng
084 _aY:356.2, N96
_qDSWL
100 _aRaheja, G.G.
_9840438
245 0 _aListen to the Heron's words
_c by G.G. Raheja
260 _aDelhi
_bOxford
_c1996
300 _axxxvii,234
365 _aINR
_b445.00
700 _a A.G. Gold
_9840439
925 _g445.00
942 _cTEXL
_hY:356.2, N96
999 _c1457511
_d1457511